[Event "Mittelrhein Regionalliga 1920"]
[Site "Mittelrhein"]
[Date "2020.02.16"]
[Round "6.7"]
[White "Rache, Ralf"]
[Black "Gerdau, Andreas"]
[Result "0-1"]
[WhiteElo "1804"]
[BlackElo "1843"]
[PlyCount "98"]
[EventDate "2019.09.29"]
[EventType "team-tourn"]
[EventRounds "9"]
[EventCountry "GER"]
[SourceTitle "EXT 2023"]
[Source "ChessBase"]
[SourceDate "2022.10.05"]
[SourceVersion "1"]
[SourceVersionDate "2022.10.05"]
[SourceQuality "1"]
[WhiteTeam "Aachen SV II"]
[BlackTeam "Kalker/Deutzer SG"]
[WhiteTeamCountry "GER"]
[BlackTeamCountry "GER"]

1. e4 e5 2. f4 d5 3. exd5 exf4 4. Nf3 Bd6 5. d4 Ne7 6. c4 Ng6 7. Bd3 0-0 8. 0-0 c5 9. dxc5 Bxc5+ 10. Kh1 Qf6 11. Nc3 Bf5 12. Qc2 Bxd3 13. Qxd3 Nd7 14. Ne4 Qb6 15. Nxc5 Nxc5 16. Qd4 Rfe8 17. b4 Qxb4 18. Bd2 Qb6 19. Bc3 f6 20. Rab1 Qc7 21. Rfe1 b6 22. Bb4 Rad8 23. Bxc5 bxc5 24. Qd2 Re7 25. Rxe7 Nxe7 26. Qe2 Qd7 27. Qe4 Qf5 28. Qxf5 Nxf5 29. Rb5 Rc8 30. Rb7 Nd6 31. Rxa7 Nxc4 32. Kg1 Nb6 33. d6 Rd8 34. Rc7 Rxd6 35. Rxc5 Rd1+ 36. Kf2 Ra1 37. Rc2 Nd5 38. Nd4 g5 39. Nb3 Rb1 40. Nd4 Kf7 41. Kf3 Kg6 42. Nc6 Ne3 43. Ne7+ Kf7 44. Rc7 Ke6 45. Ra7 Nc4 46. Nc6 h5 47. Nd4+ Kd5 48. Rd7+ Kc5 49. Nb3+ Rxb3+ 0-1

[Event "Mittelrhein Regionalliga 1920"]
[Site "Mittelrhein"]
[Date "2019.11.17"]
[Round "3.8"]
[White "Weber, Christian"]
[Black "Gerdau, Andreas"]
[Result "1/2-1/2"]
[WhiteElo "1830"]
[BlackElo "1833"]
[PlyCount "51"]
[EventDate "2019.09.29"]
[EventType "team-tourn"]
[EventRounds "9"]
[EventCountry "GER"]
[SourceTitle "EXT 2023"]
[Source "ChessBase"]
[SourceDate "2022.10.05"]
[SourceVersion "1"]
[SourceVersionDate "2022.10.05"]
[SourceQuality "1"]
[WhiteTeam "Langenfeld II"]
[BlackTeam "Kalker/Deutzer SG"]
[WhiteTeamCountry "GER"]
[BlackTeamCountry "GER"]

1. f4 Nf6 2. Nf3 d5 3. e3 g6 4. Be2 Bg7 5. d3 0-0 6. 0-0 c5 7. a4 Nc6 8. Qe1 e6 9. Ne5 Nd7 10. Nxc6 bxc6 11. c3 Ba6 12. e4 e5 13. f5 Rb8 14. c4 Nf6 15. cxd5 cxd5 16. Nc3 Qd6 17. Bg5 Bb7 18. Bxf6 Bxf6 19. Nxd5 Bxd5 20. exd5 Qxd5 21. fxg6 fxg6 22. Rb1 Qd4+ 23. Qf2 Rb4 24. Qxd4 exd4 25. b3 Kg7 26. Bf3 1/2-1/2

[Event "Mittelrhein Verbandsliga-N 18/19"]
[Site "Nordrheinwestfalen"]
[Date "2019.05.05"]
[Round "10.6"]
[White "Gerdau, Andreas"]
[Black "Gelsok, Philipp"]
[Result "0-1"]
[WhiteElo "1878"]
[BlackElo "1946"]
[PlyCount "94"]
[EventDate "2018.09.02"]
[EventType "team-tourn"]
[EventRounds "12"]
[EventCountry "GER"]
[SourceTitle "EXT 2022"]
[Source "ChessBase"]
[SourceDate "2021.10.06"]
[SourceVersion "1"]
[SourceVersionDate "2021.10.06"]
[SourceQuality "1"]
[WhiteTeam "Kalker/Deutzer SG"]
[BlackTeam "Bergische SF"]
[WhiteTeamCountry "GER"]
[BlackTeamCountry "GER"]

1. e4 c5 2. c3 d5 3. exd5 Nf6 4. d4 Nxd5 5. Nf3 e6 6. Be2 cxd4 7. Nxd4 Bc5 8. 0-0 0-0 9. Nd2 Bxd4 10. cxd4 Nf4 11. Nf3 Nxe2+ 12. Qxe2 Nc6 13. Qe4 h6 14. Bf4 Ne7 15. Rac1 Qd5 16. Qb1 b6 17. Rfe1 Ng6 18. Bg3 Bb7 19. Red1 Rac8 20. h3 Qh5 21. Qd3 Bxf3 22. Qxf3 Qxf3 23. gxf3 f5 24. Be5 Kf7 25. Kf1 Rfd8 26. Ke2 Ne7 27. Rg1 g6 28. a3 Rc6 29. Rxc6 Nxc6 30. Ke3 Ne7 31. f4 Rc8 32. Kd3 Nd5 33. h4 h5 34. Re1 b5 35. Ra1 Rc4 36. Kd2 Nb6 37. b3 Rc8 38. Kd3 Nd5 39. Rb1 Rc3+ 40. Ke2 Rc2+ 41. Kd3 Rxf2 42. Rc1 Rf3+ 43. Kd2 Rxb3 44. Rc8 Rxa3 45. Rb8 Ra2+ 46. Kc1 b4 47. Rb7+ Ke8 0-1

[Event "Mittelrhein Verbandsliga-N 18/19"]
[Site "Nordrheinwestfalen"]
[Date "2019.03.10"]
[Round "8.6"]
[White "Debald, Heinrich"]
[Black "Gerdau, Andreas"]
[Result "1/2-1/2"]
[WhiteElo "1998"]
[BlackElo "1888"]
[PlyCount "50"]
[EventDate "2018.09.02"]
[EventType "team-tourn"]
[EventRounds "12"]
[EventCountry "GER"]
[SourceTitle "EXT 2022"]
[Source "ChessBase"]
[SourceDate "2021.10.06"]
[SourceVersion "1"]
[SourceVersionDate "2021.10.06"]
[SourceQuality "1"]
[WhiteTeam "Leverkusen SC Bayer"]
[BlackTeam "Kalker/Deutzer SG"]
[WhiteTeamCountry "GER"]
[BlackTeamCountry "GER"]

1. Nf3 d5 2. g3 Nf6 3. Bg2 g6 4. 0-0 Bg7 5. d4 0-0 6. c4 c6 7. cxd5 cxd5 8. Nc3 Nc6 9. Ne5 e6 10. Nxc6 bxc6 11. Na4 a5 12. Bf4 Nh5 13. Be3 Ba6 14. Nc5 a4 15. Nxa6 Rxa6 16. Rb1 Qa8 17. Qd2 Rb8 18. Rfc1 Bf8 19. Qc2 Bd6 20. Bd2 Ng7 21. e3 Nf5 22. Bc3 Be7 23. Bf1 Rab6 24. Bd3 Nd6 25. Bd2 Qa7 1/2-1/2

[Event "Mittelrhein Verbandsliga-N 18/19"]
[Site "Nordrheinwestfalen"]
[Date "2019.02.10"]
[Round "7.5"]
[White "Kocur, Beata"]
[Black "Gerdau, Andreas"]
[Result "1/2-1/2"]
[WhiteElo "1784"]
[BlackElo "1888"]
[PlyCount "105"]
[EventDate "2018.09.02"]
[EventType "team-tourn"]
[EventRounds "12"]
[EventCountry "GER"]
[SourceTitle "EXT 2022"]
[Source "ChessBase"]
[SourceDate "2021.10.06"]
[SourceVersion "1"]
[SourceVersionDate "2021.10.06"]
[SourceQuality "1"]
[WhiteTeam "Hitdorf SV Springer"]
[BlackTeam "Kalker/Deutzer SG"]
[WhiteTeamCountry "GER"]
[BlackTeamCountry "GER"]

1. e4 e5 2. Bc4 Nf6 3. d3 Bc5 4. Nf3 Nc6 5. 0-0 0-0 6. Nc3 h6 7. h3 a6 8. a3 d6 9. Be3 Re8 10. Bxc5 dxc5 11. Nd5 Be6 12. Ne3 Bxc4 13. Nxc4 Nd7 14. Ne3 Nd4 15. Nh2 Ne6 16. Nf5 Nf4 17. Kh1 Nf6 18. Ng4 Nxg4 19. Qxg4 Qg5 20. Qxg5 hxg5 21. Kh2 Rad8 22. g3 Ne6 23. Ne3 c6 24. Rab1 f6 25. b4 cxb4 26. Rxb4 b5 27. Rb2 g6 28. Ra1 Nc5 29. Rf1 Ne6 30. a4 Ra8 31. Ra2 Nc5 32. axb5 axb5 33. Rxa8 Rxa8 34. f4 gxf4 35. gxf4 exf4 36. Rxf4 Kg7 37. Rg4 Kf7 38. Rh4 Ra2 39. Kg3 Kg7 40. Rf4 Nd7 41. Rf2 Ra3 42. h4 Ne5 43. Rf1 c5 44. Rb1 b4 45. Kf4 Ra2 46. Rd1 Nc6 47. Rg1 Kf7 48. Rg2 Nd4 49. Kg4 b3 50. cxb3 Rxg2+ 51. Nxg2 Nxb3 52. Kf4 Kg7 53. Ne1 1/2-1/2

[Event "Mittelrhein Verbandsliga-N 17/18"]
[Site "Nordrheinwestfalen"]
[Date "2018.03.18"]
[Round "9.6"]
[White "Gerdau, Andreas"]
[Black "Schott, Helmut"]
[Result "1-0"]
[WhiteElo "1911"]
[BlackElo "1695"]
[PlyCount "121"]
[EventDate "2017.09.10"]
[EventType "team-swiss"]
[EventRounds "11"]
[EventCountry "GER"]
[SourceTitle "EXT 2022"]
[Source "ChessBase"]
[SourceDate "2021.10.06"]
[SourceVersion "1"]
[SourceVersionDate "2021.10.06"]
[SourceQuality "1"]
[WhiteTeam "Kalker/Deutzer SG"]
[BlackTeam "Dormagen SV"]
[WhiteTeamCountry "GER"]
[BlackTeamCountry "GER"]

1. e4 e6 2. d4 d5 3. Nd2 c5 4. exd5 Qxd5 5. Ngf3 cxd4 6. Bc4 Qd8 7. 0-0 Nc6 8. Nb3 Be7 9. Nbxd4 Bd7 10. Nb5 Na5 11. Be2 Bxb5 12. Bxb5+ Nc6 13. Ne5 Qc7 14. Bf4 Rd8 15. Qf3 Bd6 16. Nxc6 bxc6 17. Bxc6+ Ke7 18. Bxd6+ Rxd6 19. Be4 Nf6 20. Rfd1 Rhd8 21. Rxd6 Rxd6 22. h3 Qb6 23. b3 Qd4 24. Re1 Qd2 25. Qe3 Qa5 26. a4 h6 27. c4 Nd7 28. Rb1 Qc7 29. Qc3 Nc5 30. Bc2 f6 31. b4 Nd7 32. c5 Kf7 33. Re1 Ne5 34. Rxe5 fxe5 35. Qf3+ Kg8 36. cxd6 Qxc2 37. d7 Qc1+ 38. Kh2 Qg5 39. g3 Qd2 40. Qa8+ Kh7 41. Qxa7 e4 42. b5 e3 43. Qxe3 Qxd7 44. b6 Qxa4 45. Qd3+ Kh8 46. b7 Qa7 47. Qf3 Kg8 48. Kg2 Qb6 49. Qe4 Kh8 50. h4 Kg8 51. h5 Kh8 52. Qf3 Kg8 53. Kh2 Qb2 54. Kg2 Qb6 55. Kh3 Qb5 56. Kg2 Qb6 57. Qe4 Kh8 58. g4 Kg8 59. Kg3 Qd6+ 60. Qf4 Qa3+ 61. Kh2 1-0

[Event "Mittelrhein Verbandsliga-O 16/17"]
[Site "Nordrheinwestfalen"]
[Date "2017.02.19"]
[Round "8.4"]
[White "Wagner, Rainer"]
[Black "Gerdau, Andreas"]
[Result "1/2-1/2"]
[WhiteElo "2008"]
[BlackElo "1886"]
[PlyCount "127"]
[EventDate "2016.09.11"]
[EventType "team-tourn"]
[EventRounds "11"]
[EventCountry "GER"]
[SourceTitle "EXT 2022"]
[Source "ChessBase"]
[SourceDate "2021.10.06"]
[SourceVersion "1"]
[SourceVersionDate "2021.10.06"]
[SourceQuality "1"]
[WhiteTeam "Bonn Stadtverwaltung"]
[BlackTeam "Kalker/Deutzer SG"]
[WhiteTeamCountry "GER"]
[BlackTeamCountry "GER"]

1. d4 Nf6 2. c4 g6 3. Nc3 d5 4. Nf3 Bg7 5. Bf4 0-0 6. Rc1 c6 7. e3 Bg4 8. h3 Bxf3 9. Qxf3 e6 10. Qd1 Nh5 11. Bh2 Re8 12. Be2 Nf6 13. 0-0 Nbd7 14. b4 e5 15. cxd5 Nxd5 16. Nxd5 cxd5 17. dxe5 Nxe5 18. Rc2 Qd7 19. Rd2 Rad8 20. a4 a6 21. b5 Qe6 22. Kh1 Bf6 23. Qb3 Nc4 24. Rc2 axb5 25. axb5 Nd6 26. Bg4 Qe7 27. Qxd5 Ne4 28. Qa2 Qb4 29. Rb1 Qf8 30. Rbc1 Qb4 31. Rb1 Qf8 32. Qa5 Be5 33. Bxe5 Rxe5 34. Bf3 Qe7 35. Bxe4 Rxe4 36. Rc7 Rd7 37. b6 Re6 38. Qa8+ Kg7 39. Rc8 Red6 40. Rg8+ Kh6 41. Qa4 Qf6 42. Kg1 Rd2 43. Rf1 R7d6 44. Qa8 Qe7 45. Re8 Qf6 46. Re4 Kg7 47. Rf4 Qe7 48. Qa1+ Kg8 49. Qa8+ Kg7 50. Rb4 Rd1 51. Rb1 Rxf1+ 52. Kxf1 Qe4 53. Qa1+ f6 54. Qb2 Qd3+ 55. Kg1 Qe4 56. Rc1 Kh6 57. Qb5 Qe6 58. Rb1 Rc6 59. Qb4 Kg7 60. Kh2 h5 61. Qf4 Qd7 62. Qb8 Rc8 63. Rd1 Qxd1 64. Qxc8 1/2-1/2

[Event "Mittelrhein Verbandsliga-O 16/17"]
[Site "Nordrheinwestfalen"]
[Date "2016.12.18"]
[Round "5"]
[White "Kneutgen, Alexander"]
[Black "Gerdau, Andreas"]
[Result "1/2-1/2"]
[WhiteElo "1925"]
[BlackElo "1895"]
[PlyCount "30"]
[EventDate "2016.09.11"]
[EventType "team-tourn"]
[EventRounds "11"]
[EventCountry "GER"]
[SourceTitle "EXT 2022"]
[Source "ChessBase"]
[SourceDate "2021.10.06"]
[SourceVersion "1"]
[SourceVersionDate "2021.10.06"]
[SourceQuality "1"]
[WhiteTeam "Niederkassel II"]
[BlackTeam "Kalker/Deutzer SG"]
[WhiteTeamCountry "GER"]
[BlackTeamCountry "GER"]

1. Nf3 d5 2. g3 Nf6 3. Bg2 c6 4. 0-0 Nbd7 5. d4 e6 6. c4 Bd6 7. Nc3 0-0 8. Qc2 e5 9. cxd5 cxd5 10. dxe5 Nxe5 11. Bg5 Be6 12. Nd4 Rc8 13. Qb3 Bc5 14. e3 Nc4 15. Rad1 Nb6 1/2-1/2

[Event "Mittelrhein Verbandsliga-M 15/16"]
[Site "Nordrheinwestfalen"]
[Date "2016.05.01"]
[Round "11.3"]
[White "Porn, Juergen"]
[Black "Gerdau, Andreas"]
[Result "1/2-1/2"]
[WhiteElo "1933"]
[BlackElo "1896"]
[PlyCount "86"]
[EventDate "2015.09.06"]
[EventType "team-tourn"]
[EventRounds "11"]
[EventCountry "GER"]
[SourceTitle "EXT 2022"]
[Source "ChessBase"]
[SourceDate "2021.10.06"]
[SourceVersion "1"]
[SourceVersionDate "2021.10.06"]
[SourceQuality "1"]
[WhiteTeam "Esch SF"]
[BlackTeam "Kalker/Deutzer SG"]
[WhiteTeamCountry "GER"]
[BlackTeamCountry "GER"]

1. Nc3 Nf6 2. e4 e5 3. f4 d5 4. fxe5 Nxe4 5. d3 Nxc3 6. bxc3 c5 7. Bf4 Be7 8. c4 Bh4+ 9. g3 Be7 10. cxd5 Qxd5 11. Qf3 Qxf3 12. Nxf3 Nc6 13. c3 h6 14. d4 cxd4 15. Nxd4 g5 16. Nxc6 bxc6 17. Be3 Be6 18. Ba6 Bd5 19. 0-0 g4 20. a4 h5 21. Rab1 h4 22. Rb7 hxg3 23. hxg3 Rh1+ 24. Kf2 Rh2+ 25. Ke1 Bf3 26. Bxa7 Rd8 27. Rxe7+ Kxe7 28. Bc5+ Ke8 29. Bd6 Kd7 30. Rf2 Rxf2 31. Kxf2 Ra8 32. Bd3 Rxa4 33. Bf5+ Kd8 34. Ke3 Bd5 35. Bd3 Kd7 36. Bc5 Be6 37. Bb4 Ra2 38. Bc5 Rg2 39. Kf4 Rd2 40. Be4 Rd1 41. Ke3 Rf1 42. Bg2 Re1+ 43. Kf4 Rc1 1/2-1/2

[Event "Mittelrhein Verbandsliga-M 15/16"]
[Site "Nordrheinwestfalen"]
[Date "2016.04.10"]
[Round "10.2"]
[White "Maric, Boris"]
[Black "Gerdau, Andreas"]
[Result "1-0"]
[WhiteElo "1993"]
[BlackElo "1911"]
[PlyCount "119"]
[EventDate "2015.09.06"]
[EventType "team-tourn"]
[EventRounds "11"]
[EventCountry "GER"]
[SourceTitle "EXT 2022"]
[Source "ChessBase"]
[SourceDate "2021.10.06"]
[SourceVersion "1"]
[SourceVersionDate "2021.10.06"]
[SourceQuality "1"]
[WhiteTeam "Gruenfeld"]
[BlackTeam "Kalker/Deutzer SG"]
[WhiteTeamCountry "GER"]
[BlackTeamCountry "GER"]

1. c4 Nf6 2. g3 g6 3. Bg2 Bg7 4. Nc3 c5 5. e4 d6 6. Nge2 Nc6 7. d3 0-0 8. 0-0 a6 9. h3 Rb8 10. f4 Nd7 11. Be3 Nd4 12. Qd2 b5 13. Rae1 Nb6 14. b3 e6 15. cxb5 axb5 16. Bxd4 cxd4 17. Nxb5 Ba6 18. Nbxd4 Nd7 19. Kh2 Qb6 20. Nc2 Rfc8 21. d4 Rc7 22. e5 Rbc8 23. Ne3 Bf8 24. Rc1 Bxe2 25. Rxc7 Rxc7 26. Qxe2 Qxd4 27. Rd1 Qc5 28. exd6 Bxd6 29. Nc4 Bf8 30. a4 Qb4 31. Ne5 Nxe5 32. Qxe5 Qxb3 33. Rd8 Qb6 34. a5 Qc5 35. a6 Qxe5 36. fxe5 Kg7 37. Rd2 Bb4 38. Ra2 Ra7 39. Bb7 Bc3 40. Re2 Bd4 41. Kg2 f6 42. exf6+ Kxf6 43. Kf3 h6 44. Ke4 Bg1 45. Re1 Bb6 46. Rf1+ Ke7 47. Rf3 h5 48. g4 hxg4 49. hxg4 g5 50. Rc3 Bg1 51. Rh3 Bf2 52. Rh7+ Kd6 53. Rg7 Bh4 54. Kd4 Bf2+ 55. Kd3 Bh4 56. Ke4 e5 57. Rg6+ Ke7 58. Kxe5 Bg3+ 59. Kf5 Bf4 60. Rxg5 1-0

[Event "Mittelrhein Verbandsliga-M 15/16"]
[Site "Nordrheinwestfalen"]
[Date "2015.11.15"]
[Round "4.3"]
[White "Gerdau, Andreas"]
[Black "Zilberman, Rodion"]
[Result "1-0"]
[WhiteElo "1906"]
[BlackElo "1819"]
[PlyCount "119"]
[EventDate "2015.09.06"]
[EventType "team-tourn"]
[EventRounds "11"]
[EventCountry "GER"]
[SourceTitle "EXT 2022"]
[Source "ChessBase"]
[SourceDate "2021.10.06"]
[SourceVersion "1"]
[SourceVersionDate "2021.10.06"]
[SourceQuality "1"]
[WhiteTeam "Kalker/Deutzer SG"]
[BlackTeam "Koeln Longerich"]
[WhiteTeamCountry "GER"]
[BlackTeamCountry "GER"]

1. e4 e6 2. d4 d5 3. Nd2 Nf6 4. e5 Nfd7 5. Bd3 c5 6. c3 Nc6 7. Ne2 cxd4 8. cxd4 Qb6 9. Nf3 Bb4+ 10. Bd2 Bxd2+ 11. Qxd2 Qb4 12. Rc1 Nb6 13. a3 Qxd2+ 14. Kxd2 Na5 15. Rc2 Bd7 16. Nc3 a6 17. Ke2 Rc8 18. Nd2 0-0 19. b3 f6 20. f4 Nc6 21. Ke3 Be8 22. Rhc1 fxe5 23. fxe5 Bg6 24. Bxg6 hxg6 25. Ne2 g5 26. Nf3 g4 27. Nd2 g5 28. Rf1 Kg7 29. Rcc1 Rh8 30. Rf6 Rce8 31. Rcf1 Re7 32. Rh1 Nd7 33. Rff1 Rf7 34. Rxf7+ Kxf7 35. Ng3 Ne7 36. Kd3 Kg6 37. h3 gxh3 38. gxh3 Rf8 39. h4 g4 40. h5+ Kh6 41. Ngf1 Nf5 42. Ne3 Nxe3 43. Kxe3 Rf5 44. Rh4 g3 45. Rg4 Rxh5 46. Rxg3 Rg5 47. Rh3+ Kg7 48. Rf3 Kg6 49. Kd3 Rf5 50. Rg3+ Kf7 51. Nf3 Ke7 52. Ke3 b5 53. Rg7+ Rf7 54. Rg6 Nf8 55. Rh6 Rh7 56. Rxh7+ Nxh7 57. Kf4 Kf7 58. Ng5+ Nxg5 59. Kxg5 a5 60. Kh6 1-0

[Event "Mittelrhein Verbandsliga-M 15/16"]
[Site "Nordrheinwestfalen"]
[Date "2015.09.06"]
[Round "1.2"]
[White "Esser, Michael"]
[Black "Gerdau, Andreas"]
[Result "1-0"]
[WhiteElo "1979"]
[BlackElo "1906"]
[PlyCount "105"]
[EventDate "2015.09.06"]
[EventType "team-tourn"]
[EventRounds "11"]
[EventCountry "GER"]
[SourceTitle "EXT 2022"]
[Source "ChessBase"]
[SourceDate "2021.10.06"]
[SourceVersion "1"]
[SourceVersionDate "2021.10.06"]
[SourceQuality "1"]
[WhiteTeam "Leverkusen SC Bayer"]
[BlackTeam "Kalker/Deutzer SG"]
[WhiteTeamCountry "GER"]
[BlackTeamCountry "GER"]

1. e4 e5 2. f4 d5 3. exd5 e4 4. d3 Nf6 5. dxe4 Nxe4 6. Be3 Bd6 7. Nf3 0-0 8. Bc4 Nd7 9. 0-0 Ndf6 10. Nbd2 Re8 11. Nxe4 Rxe4 12. Qd3 Qe7 13. Rae1 Bc5 14. d6 Bxd6 15. Kh1 Bf5 16. Qb3 b5 17. Qxb5 c5 18. Bd2 Rb8 19. Qa6 h6 20. Bd3 Bc8 21. Qa5 Rxe1 22. Rxe1 Qd7 23. Qc3 Bb7 24. Ne5 Qc7 25. Bc4 Bd5 26. Bxd5 Nxd5 27. Qd3 Nb4 28. Qc4 Nc6 29. Bc3 Re8 30. Qd5 Nb4 31. Qb3 a6 32. a3 Nc6 33. Qa4 Bxe5 34. fxe5 Qc8 35. Qc4 Nd8 36. b4 Ne6 37. bxc5 Nxc5 38. Bb4 Ne6 39. Qe4 Ng5 40. Qd3 Rd8 41. Bd6 Qc6 42. c4 Ne6 43. h3 Rc8 44. Rc1 Nf4 45. Qf3 Qxf3 46. gxf3 Nxh3 47. c5 Nf2+ 48. Kg1 Nd3 49. Rc4 h5 50. c6 Kh7 51. c7 Kg6 52. Rd4 Ne1 53. Rb4 1-0

[Event "Solingen-ch"]
[Site "Solingen"]
[Date "2009.09.15"]
[Round "6"]
[White "Blomel, Christopher"]
[Black "Gerdau, Andreas"]
[Result "1-0"]
[WhiteElo "2058"]
[BlackElo "1999"]
[PlyCount "119"]
[EventDate "2009.09.15"]
[EventType "swiss"]
[EventRounds "7"]
[EventCountry "GER"]
[SourceTitle "EXT 2011"]
[Source "ChessBase"]
[SourceDate "2010.11.26"]
[SourceVersion "1"]
[SourceVersionDate "2010.11.26"]
[SourceQuality "1"]

1. e4 e5 2. f4 d5 3. exd5 e4 4. d3 Nf6 5. dxe4 Nxe4 6. Nf3 Bc5 7. Qe2 Qe7 8. Be3 Bd6 9. Nbd2 0-0 10. 0-0-0 Re8 11. Re1 Bg4 12. Nxe4 Qxe4 13. Bd2 Qxe2 14. Rxe2 Nd7 15. Rxe8+ Rxe8 16. Nd4 Nf6 17. c4 Re4 18. Nb5 Bxf4 19. Bd3 Bxd2+ 20. Kxd2 Re7 21. Nxa7 Ne4+ 22. Bxe4 Rxe4 23. Re1 Rxe1 24. Kxe1 Kf8 25. Nb5 c6 26. dxc6 bxc6 27. Nd4 Bd7 28. c5 Ke7 29. Kd2 f5 30. a4 g5 31. a5 Kd8 32. g3 Kc7 33. h4 h6 34. hxg5 hxg5 35. Nf3 f4 36. gxf4 gxf4 37. Ne5 Bf5 38. Nd3 f3 39. Ne5 f2 40. Ke2 Kb7 41. b4 f1Q+ 42. Kxf1 Bc8 43. Ke2 Kc7 44. Kd3 Ba6+ 45. Kd4 Bb5 46. Nf3 Be2 47. Ke3 Ba6 48. Nd4 Bc4 49. Kd2 Ba6 50. Kc3 Bc8 51. b5 cxb5 52. Nxb5+ Kd7 53. Kb4 Ba6 54. Nd4 Bd3 55. Nb5 Be4 56. a6 Ba8 57. Nd4 Kc7 58. Kb5 Be4 59. c6 Bd3+ 60. Ka5 1-0

[Event "Solingen-ch"]
[Site "Solingen"]
[Date "2009.09.15"]
[Round "5"]
[White "Gerdau, Andreas"]
[Black "Rist, Kurt"]
[Result "1-0"]
[WhiteElo "1999"]
[BlackElo "1623"]
[PlyCount "85"]
[EventDate "2009.09.15"]
[EventType "swiss"]
[EventRounds "7"]
[EventCountry "GER"]
[SourceTitle "EXT 2011"]
[Source "ChessBase"]
[SourceDate "2010.11.26"]
[SourceVersion "1"]
[SourceVersionDate "2010.11.26"]
[SourceQuality "1"]

1. e4 g6 2. d4 Bg7 3. Nf3 d6 4. h3 c5 5. Nc3 cxd4 6. Nxd4 Nc6 7. Be3 Nf6 8. Be2 Qc7 9. 0-0 0-0 10. Qd2 Bd7 11. Rad1 Rfe8 12. Rfe1 a6 13. Nd5 Qd8 14. Nxc6 Bxc6 15. Bf3 Nd7 16. Bd4 Ne5 17. Be2 Nd7 18. Bxg7 Kxg7 19. Bc4 b5 20. Bf1 Rc8 21. Qd4+ f6 22. Qd2 Bb7 23. Nf4 Nf8 24. b3 Rc5 25. c4 Qc8 26. Rc1 Qc6 27. Nd3 bxc4 28. Nxc5 Qxc5 29. Bxc4 Qb6 30. Bd5 Nd7 31. Bxb7 Qxb7 32. f4 Nc5 33. Qe3 Qb5 34. Rc4 Ne6 35. Kh1 g5 36. fxg5 Nxg5 37. Rec1 Rf8 38. Qf4 Kf7 39. Qf5 Qb6 40. h4 e6 41. Qg4 h6 42. Qh5+ Kg7 43. hxg5 1-0

[Event "Leverkusen-ch op"]
[Site "Leverkusen"]
[Date "2009.03.02"]
[Round "5"]
[White "Gerdau, Andreas"]
[Black "Krauth, Alexander"]
[Result "0-1"]
[WhiteElo "1883"]
[BlackElo "2132"]
[PlyCount "137"]
[EventDate "2009.01.12"]
[EventType "swiss"]
[EventRounds "7"]
[EventCountry "GER"]
[SourceTitle "EXT 2010"]
[Source "ChessBase"]
[SourceDate "2010.11.25"]
[SourceVersion "1"]
[SourceVersionDate "2010.11.25"]
[SourceQuality "1"]

1. e4 c6 2. d4 d5 3. Nc3 dxe4 4. Nxe4 Bf5 5. Ng3 Bg6 6. Bc4 e6 7. N1e2 Nf6 8. 0-0 Bd6 9. f4 Qd7 10. Bd3 Bxd3 11. Qxd3 g6 12. f5 gxf5 13. Bg5 Be7 14. Rae1 Na6 15. c4 Nc5 16. Qc2 Nce4 17. Nxe4 Nxe4 18. Bxe7 Qxe7 19. Rb1 Qg5 20. Nf4 Rd8 21. Rbd1 0-0 22. b4 a6 23. a4 Rd6 24. c5 Rd7 25. b5 axb5 26. axb5 Rfd8 27. bxc6 bxc6 28. Qb2 e5 29. h4 Qxh4 30. Ne2 Qg5 31. Rf3 f4 32. Rdd3 Nxc5 33. Rg3 fxg3 34. Rxg3 Ne4 35. Rxg5+ Nxg5 36. Qc1 Ne6 37. Qxc6 Nxd4 38. Qe4 Nxe2+ 39. Qxe2 Re7 40. Qe4 Rf8 41. Qg4+ Kh8 42. Qf5 f6 43. Kf2 e4 44. Qc5 e3+ 45. Ke2 Rfe8 46. Qd4 Re6 47. Qd7 Re4 48. Qc6 Kg7 49. Qc7+ R8e7 50. Qg3+ Kh6 51. Qd6 Kg5 52. Qd5+ R4e5 53. Qg8+ Kh6 54. Qf8+ Kg6 55. Qg8+ Rg7 56. Qa8 h5 57. Qc6 Rge7 58. Qc8 Kg7 59. Qc6 Rf5 60. Qd6 Kf7 61. Qd4 Rf2+ 62. Ke1 Rd2 63. Qc4+ Kg7 64. Qc5 Re5 65. Qc7+ Kg6 66. Qb8 Kg5 67. Qb3 Kf4 68. Qc4+ Kg3 69. Qg8+ 0-1

[Event "Wilhelm Werner Memorial-M 25th"]
[Site "Bockenem"]
[Date "2000.06.01"]
[Round "3"]
[White "Runde, Thomas"]
[Black "Gerdau, Andreas"]
[Result "0-1"]
[WhiteElo "2019"]
[BlackElo "1932"]
[PlyCount "70"]
[EventDate "2000.05.31"]
[EventType "tourn"]
[EventRounds "7"]
[EventCountry "GER"]
[SourceTitle "EXT 2008"]
[Source "ChessBase"]
[SourceDate "2007.11.25"]
[SourceVersion "1"]
[SourceVersionDate "2007.11.25"]
[SourceQuality "1"]

1. d4 Nf6 2. Bg5 d5 3. Nd2 g6 4. Bxf6 exf6 5. e3 Bg7 6. c4 0-0 7. Qb3 c6 8. Rc1 f5 9. Ne2 dxc4 10. Nxc4 c5 11. dxc5 Nc6 12. Nc3 Be6 13. Be2 Ne5 14. 0-0 Qh4 15. Nb5 Rac8 16. Nd4 Bd5 17. f4 Ng4 18. Bxg4 fxg4 19. Qd3 Rxc5 20. e4 Bxc4 21. Rxc4 Bxd4+ 22. Qxd4 Rh5 23. h3 gxh3 24. Qf2 hxg2 25. Qxg2 Rd8 26. Rc3 Qf6 27. e5 Qb6+ 28. Qf2 Qe6 29. Rfc1 Qd5 30. Qf3 Qd2 31. R3c2 Qd4+ 32. Kg2 Qd7 33. Kg1 Rh3 34. Qg2 Qd3 35. Rf1 Rg3 0-1